| 000 | 01256cam a2200229 4500 | ||
|---|---|---|---|
| 001 | ABS66937 | ||
| 008 | 030805n2003 000 0 eng u | ||
| 035 | _a(Sirsi) u123194 | ||
| 100 | _aQuinn, D. | ||
| 245 | _aAfter the riot, can everyone win? | ||
| 260 | _c2003 | ||
| 490 |
_aEstates Gazette _v(0331) 2 August 2003, 24-28(5) |
||
| 520 | _aReports on a new regeneration initiative for Oldham following the race riots in 2001. Suggests that the distribution of single regeneration budget funds and ringfencing specific areas for regeneration may have heightened racial tensions and highlights council efforts to reorganise and unite communities. Presents the new vision for Oldham, led by urban regeneration specialist URBED and King Sturge and notes that the £300 000 Vision masterplan is due for publication in January 2004. Highlights the difficult economic factors that need to be addressed and outlines the 10 themes of URBED consortium's preliminary ideas for regenerating Oldham. Concludes with opinion from community leaders. | ||
| 590 | _aABS | ||
| 650 | _aURBAN REGENERATION | ||
| 650 | _aRACIAL HARASSMENT | ||
| 650 | _aMASTERPLANS | ||
| 650 | _aREGENERATION SCHEMES | ||
| 650 | _aOLDHAM | ||
| 690 | _aREGENERATION | ||
| 942 | _n0 | ||
| 999 |
_c73165 _d73165 |
||